| 000 | 00896nam a22002651 4500 | ||
|---|---|---|---|
| 001 | 4528691 | ||
| 005 | 19790420000000.0 | ||
| 008 | 790405s1952 mau 000 0 eng | ||
| 010 | _a 52005512 | ||
| 040 |
_aDLC _cDLC _dDLC |
||
| 050 | 0 | 0 |
_aBL80 _b.S65 |
| 082 | 0 | 0 |
_a290 _220 _bSMI |
| 100 | 1 |
_aSmith, Homer William, _d1895-1962. _910633 |
|
| 245 | 1 | 0 |
_aMan and his gods/ _cHomer W. Smith;Foreword by Albert Einstein. |
| 250 | _a[1st ed.] | ||
| 260 |
_aNew York, _bCrossets Universal Library, _cc.1952. |
||
| 300 |
_a501 p. _c22 cm. |
||
| 500 | _aForeworded By: Albert Einsten. | ||
| 500 | _aIncludes Index. | ||
| 500 | _aDonations. | ||
| 500 | _aDonated By: Alaa Abdel Ghaney. | ||
| 650 | 0 |
_aReligion _xHistory. _910634 |
|
| 942 |
_2ddc _cBB |
||
| 999 |
_c13201 _d13201 |
||